Datum a čas kvízu
26
Celkem bodů
Celkový počet nahraných bodů na tomto kvízu bez doplňovacích otázek.
12.
Pořadí na kvízu
Konečné umístění týmu na tomto kvízu.
Zaznamenané odpovědi
| # | Otázka | Odpověď | Body | Výsledky |
|---|---|---|---|---|
| 1. | Minulý týden byli jmenováni dv... | D | 0 | |
| 2. | Na co je podle šéfky pro zahra... | A | 1 | |
| 3. | Minulý týden bylo oznámeno jmé... | o Hanse Zimmera | 1 | |
| 4. | První vydání jistého komiksu b... | Superman | 0 | |
| 5. | Stáj formule 1 Red Bull minulý... | Martin Šonka | 0 | |
| 6. | Vaším úkolem v tématu bude odh... | červenou, bílou | 0 | |
| 7. | Teď se podíváme na domácí fotb... | tři | 0 | |
| 8. | Pojďme na hokej. Olomoucký koh... | červenou | 1 | |
| 9. | Na základě zobrazených barev l... | Los Angeles Lakers | 1 | |
| 10. | Které americké město oslavuje... | Pittsburgh | 0 |